| 000 | 00355nam a2200133Ia 4500 | ||
|---|---|---|---|
| 008 | 231017s9999 xx 000 0 und d | ||
| 082 | _a624.154 | ||
| 082 | _bWAN | ||
| 245 | 0 | _aCOM624P: Laterally Loaded Pile Analysis Program for the Microcomputer Version 2.0 | |
| 245 | 0 | _cSih-Tower Wang | |
| 260 | _bSih-Tower Wang | ||
| 300 | _c30cm | ||
| 942 | _cREP | ||
| 999 |
_c603818 _d603818 |
||